00915cam a22002051a 4500001001300000003000400013005001700017008004100034010001700075035002000092040002000112042001200132050001600144110004800160245029900208260004900507300003200556650003300588710008800621l 58000045 DLC20260227111545.0850410s1957 dcua f000 0 eng  al 58000045  a(OCoLC)11900760 aDLCcIMolDdDLC apremarc00aHD6979b.U61 aUnited States.bBureau of Labor Statistics.14aThe computation of cost-of-living indexes /c[prepared for] International Cooperation Administration, Office of Labor Affairs [by] Thomas F. Mosimann, chief, Branch of International Technical Cooperation and Marion Hamilton Gillim, associate professor of economics, Barnard College, consultant. aWashington :bU.S. Govt. Print. Off.,c1957. aiv, 45 p. :bill. ;c27 cm. 0aCost and standard of living.1 aUnited States.bInternational Cooperation Administration.bOffice of Labor Affairs.